Normal view
MARC view
- Bajaj N.K
Entry Personal Name
001 - CONTROL NUMBER
- control field: 103498
003 - CONTROL NUMBER IDENTIFIER
- control field: NUST
005 - DATE AND TIME OF LATEST TRANSACTION
- control field: 20221124130917.0
008 - FIXED-LENGTH DATA ELEMENTS
- fixed length control field: 221124|| aca||aabn | a|a d
040 ## - CATALOGING SOURCE
- Original cataloging agency: NUST
- Transcribing agency: NUST
100 ## - HEADING--PERSONAL NAME
- Personal name: Bajaj N.K
670 ## - SOURCE DATA FOUND
- Source citation: Work cat.: (NUST)181499: Bajaj N.K, Physics , 2004.
